000 00548nam a2200205Ia 4500
005 20250923144731.0
008 008 250917s9999 xx 000 0 eng d
037 _aTextual
040 _aDSWL
_beng
_cDSWL
041 _aeng
_2eng
084 _qDSWL
100 _aEaglar, Zekiye
_9827851
245 0 _aPunjabi village in Pakistan
_cby Zekiye Eaglar
260 _aNew York
_bColumbia University Press
_c1960
300 _axxiv,240p.
365 _aINR
_b31.50
925 _g31.50
942 _cTEXL
999 _c1442650
_d1442650